Name all European Birds Part 1 - Statistics

General Stats
  • This quiz has been taken 45 times
    43 since last reset
  • The average score is 113 of 482
Answer Stats
Hint Answer % Correct
Swans Mute Swan
96%
Greylag Goose
81%
Dabbling Ducks Mallard
81%
Canada Goose
73%
Black Swan
69%
Whooper Swan
69%
Shelducks Common Shelduck
65%
Barn Owl Barn Owl
62%
Cormorants Great Cormorant
62%
Hoopoes Hoopoe
62%
Gannet Northern Gannet
62%
Storks White Stork
62%
Barnacle Goose
58%
Bewick's Swan
58%
Black Stork
58%
Quails Common Quail
58%
Egyptian Goose
58%
Spoonbills Eurasian Spoonbill
58%
Bee-Eaters European Bee-Eater
58%
Great-Spotted Woodpecker
58%
Grey Heron
58%
Subspecies of Lesser Black-Backed Gull Heuglin's Gull
58%
Lesser Black-Backed Gull
58%
Tufted Duck
58%
Subspecies of Lesser Black-Backed Gull Baltic Gull
54%
Gulls Black-Headed Gull
54%
Egrets Cattle Egret
54%
Collared Dove
54%
Kingfisher Common Kingfisher
54%
Pheasants Common Pheasant
54%
Shearwaters Cory's Shearwater
54%
Owls Eagle Owl
54%
Great Egret
54%
Little Egret
54%
Little Grebe
54%
Little Owl
54%
Pharaoh Eagle Owl
54%
Subspecies of Cory's Shearwater Scopoli's Shearwater
54%
Geese Snow Goose
54%
Teal
54%
Wigeon
54%
Subspecies of BlackTern American Black Tern
50%
Black Tern
50%
Buzzards Common Buzzard
50%
Common Moorhen
50%
Swifts Common Swift
50%
Terns Common Tern
50%
Rollers European Roller
50%
Great-Crested Grebe
50%
Green Woodpecker
50%
Falcons Kestrel
50%
Mandarin
50%
Harriers Marsh Harrier
50%
Osprey Osprey
50%
Pink-Footed Goose
50%
Pintail
50%
Diving Ducks Pochard
50%
Brent Goose
46%
Crakes Corncrake
46%
Cranes Crane
46%
Eurasian Coot
46%
Nightjars European Nightjar
46%
Subspecies of Rock Dove Feral Pigeon
46%
Garganey
46%
Bustards Great Bustard
46%
Guineafowl Helmeted Guineafowl
46%
Honey Buzzards Honey Buzzard
46%
Long-Legged Buzzard
46%
Subspecies of Long-Legged Buzzard North African Buzzard
46%
Peregrine Falcon
46%
Red-Legged Partridge
46%
Subspecies of Long-Legged Buzzard Steppe Buzzard
46%
Turtle Dove
46%
Rails Water Rail
46%
Wood Pigeon
46%
American Herring Gull
42%
Arctic Tern
42%
Black Kite
42%
Cuckoos Common Cuckoo
42%
Common Gull
42%
Gadwall
42%
Ibises Glossy Ibis
42%
Golden Eagle
42%
Goosander
42%
Bitterns Great Bittern
42%
Herring Gull
42%
Oriental Cuckoo
42%
Purple Heron
42%
Red-Breasted Merganser
42%
Pigeons and Doves Rock Dove
42%
Shoveler
42%
Storm Petrel
42%
Taiga Bean Goose
42%
Tundra Bean Goose
42%
White-Fronted Goose
42%
Alpine Swift
38%
Black Grouse
38%
Common Eider
38%
Curlew
38%
Egyptian Vulture
38%
Goshawk
38%
Flamingos Greater Flamingo
38%
Greenshank
38%
Hen Harrier
38%
Lesser-Spotted Woodpecker
38%
Little Bittern
38%
Little Bustard
38%
Waders Oystercatcher
38%
Red Grouse
38%
Kites Red Kite
38%
Redshank
38%
Ruddy Shelduck
38%
Short-Eared Owl
38%
Hawks Sparrowhawk
38%
Yellow-Legged Gull
38%
Avocet
35%
Bar-Headed Goose
35%
Black-Crowned Night Heron
35%
Black-Necked Grebe
35%
Woodpeckers Black Woodpecker
35%
Blue-Winged Teal
35%
Common Sandpiper
35%
Common Scoter
35%
Golden Pheasant
35%
Hobby
35%
King Eider
35%
Lesser Flamingo
35%
Long-Eared Owl
35%
Manx Shearwater
35%
Middle-Spotted Woodpecker
35%
Pallid Swift
35%
Red-Breasted Goose
35%
Red-Crested Pochard
35%
Red-Necked Grebe
35%
Ruddy Duck
35%
Sandwich Tern
35%
Sawbills Smew
35%
Tawny Owl
35%
Whimbrel
35%
Pelicans White Pelican
35%
Arctic Skua
31%
Audouin's Gull
31%
Capercaillie
31%
Also known as EurasianBlack Vulture Cinereous Vulture
31%
Common Goldeneye
31%
Europian Shag
31%
Golden Plover
31%
Great Black-Backed Gull
31%
Green Sandpiper
31%
Green-Winged Teal
31%
Grey Partridge
31%
Griffon Vulture
31%
Hazel Grouse
31%
Little Gull
31%
Little Ringed Plover
31%
Little Tern
31%
Mediterranean Gull
31%
Merlin
31%
Auk Puffin
31%
Redhead
31%
Red-Throated Loon
31%
Ringed Plover
31%
Roseate Tern
31%
Sanderling
31%
Scaup
31%
Stock Dove
31%
Turnstone
31%
Velvet Scoter
31%
Eagle White-Tailed Eagle
31%
Grouse Willow Ptarmigan
31%
Black Scoter
27%
Black-Throated Loon
27%
Cackling Goose
27%
Chukar
27%
Dalmatian Pelican
27%
Dunlin
27%
Ferruginous Duck
27%
Petrels Fulmar
27%
Skuas Great Skua
27%
Iceland Gull
27%
Kittiwake
27%
Lanner Falcon
27%
Lesser Scaup
27%
Lesser White-Fronted Goose
27%
Long-Tailed Duck
27%
Purple Sandpiper
27%
Pygmy Cormorant
27%
Razorbill
27%
Red-Footed Booby
27%
Red-Necked Nightjar
27%
Rock Partridge
27%
Rock Ptarmigan
27%
Snowy Owl
27%
Spectacled Eider
27%
Spotted Crake
27%
Ural Owl
27%
Wryneck
27%
American Wigeon
23%
Baillon's Crake
23%
Bar-Tailed Godwit
23%
Francolins Black Francolin
23%
Black Guillemot
23%
Black-Tailed Godwit
23%
Black-Winged Kite
23%
Black-Winged Stilt
23%
Caspian Gull
23%
Snowcocks Caucasian Snowcock
23%
Common Guillemot
23%
Glaucous Gull
23%
Great Grey Owl
23%
Grey Plover
23%
GyrFalcon
23%
Kentish Plover
23%
Vultures Lammergeier
23%
Lapwing
23%
Laughing Dove
23%
Lesser Spotted Eagle
23%
Little Auk
23%
Little Crake
23%
Long-Tailed Skua
23%
Marsh Sandpiper
23%
Montagu's Harrier
23%
Pallid Harrier
23%
Red-Footed Falcon
23%
Ring-Necked Duck
23%
Ruff
23%
Scops Owl
23%
Grebe Slavonian Grebe
23%
Squacco Heron
23%
White-Winged Tern
23%
Wood Sandpiper
23%
Balearic Shearwater
19%
Barrow's Goldeneye
19%
Booted Eagle
19%
Caspian Tern
19%
Curlew Sandpiper
19%
Dotterel
19%
Grey-Headed Woodpecker
19%
Gull-Billed Tern
19%
Knot
19%
Lady Amherst's Pheasant
19%
Leach's Storm Petrel
19%
Lesser Kestrel
19%
Marbled Duck
19%
Northern Bald Ibis
19%
Northern Harrier
19%
Pied-Billed Grebe
19%
Pomarine Skua
19%
Pygmy Owl
19%
Tropicbirds Red-Billed Tropicbird
19%
Red-Necked Phalarope
19%
Rough-Legged Buzzard
19%
Sacred Ibis
19%
Saker Falcon
19%
Snipe
19%
Snowy Egret
19%
Sooty Shearwater
19%
Spanish Imperial Eagle
19%
Spotted Redshank
19%
Stone Curlew
19%
Surf Scoter
19%
White-Headed Duck
19%
Woodcock
19%
Wood Duck
19%
American Bittern
15%
American Golden Plover
15%
American Kestrel
15%
Armenian Gull
15%
Baikal Teal
15%
Barbary Partridge
15%
Belted Kingfisher
15%
Bonaparte's Gull
15%
Boobies Brown Booby
15%
Bufflehead
15%
California Quail
15%
Caucasian Grouse
15%
Cinnamon Teal
15%
Demoiselle Crane
15%
Eleonora's Falcon
15%
Greater Spotted Eagle
15%
Loons/Divers Great Northern Loon
15%
Great Shearwater
15%
Houbara Bustard
15%
Intermediate Egret
15%
Ivory Gull
15%
Jack Snipe
15%
Laughing Gull
15%
Lesser Yellowlegs
15%
Little Stint
15%
Frigatebirds Magnificent Frigatebird
15%
Bobwhites Northern Bobwhite
15%
Pacific Loon
15%
Red Phalarope
15%
Ross's Goose
15%
Sandhill Crane
15%
Slender-Billed Gull
15%
Steppe Eagle
15%
Syrian Woodpecker
15%
Three-Toed Woodpecker
15%
White-Backed Woodpecker
15%
White-Cheeked Tern
15%
Wilson's Storm Petrel
15%
Yellow-Billed Loon
15%
American Coot
12%
American Flamingo
12%
Blue-Cheeked Bee-Eater
12%
Bonelli's Eagle
12%
Brown Fish Owl
12%
Canvasback
12%
Caspian Snowcock
12%
Crested Tern
12%
Eastern Imperial Eagle
12%
Emperor Goose
12%
Falcated Duck
12%
Forster's Tern
12%
Greater Yellowlegs
12%
Great Snipe
12%
Great Spotted Cuckoo
12%
Harlequin Duck
12%
Hawk Owl
12%
Hooded Merganser
12%
Lesser Crested Tern
12%
Masked Booby
12%
Nighthawk
12%
Pacific Golden Plover
12%
Pectoral Sandpiper
12%
Pink-Backed Pelican
12%
Ross's Gull
12%
Ruppell's Vulture
12%
See-See Partridge
12%
Shikra
12%
Short-Toed Eagle
12%
Siberian Crane
12%
Sooty Falcon
12%
Spotted Sandpiper
12%
Temminck's Stint
12%
West African Crested Tern
12%
Whiskered Tern
12%
White-Eyed Gull
12%
White-Winged Scoter
12%
Wilson's Phalarope
12%
Yelkouan Shearwater
12%
Yellow-Billed Kite
12%
African Collared Dove
8%
Baird's Sandpiper
8%
Sandgrouse Black-Bellied Sandgrouse
8%
Black-Billed Cuckoo
8%
Albatross Black-Browed Albatross
8%
Black Duck
8%
Broad-Billed Sandpiper
8%
Buff-Breasted Sandpiper
8%
Chilean Flamingo
8%
Chimney Swift
8%
Crested Honey Buzzard
8%
Dwarf Bittern
8%
Fea's Petrel
8%
Franklin's Gull
8%
Glaucous-Winged Gull
8%
Goliath Heron
8%
Greater Sand Plover
8%
Great Knot
8%
Killdeer
8%
Least Sandpiper
8%
Levant Sparrowhawk
8%
Little Curlew
8%
Mourning Dove
8%
Oriental Turtle Dove
8%
Pacific Swift
8%
Pied Kingfisher
8%
Purple Swamphen
8%
Red-Knobbed Coot
8%
Reef Egret
8%
Reeves's Pheasant
8%
Ring-Billed Gull
8%
Sabine's Gull
8%
Partridges Sand Partridge
8%
Slender-Billed Curlew
8%
Small Buttonquail
8%
Sociable Lapwing
8%
Sooty Gull
8%
Sooty Tern
8%
South Polar Skua
8%
Stellar's Eider
8%
Stilt Sandpiper
8%
Tawny Eagle
8%
Tengmalm's Owl
8%
Terek Sandpiper
8%
Trocaz Pigeon
8%
White-Rumped Sandpiper
8%
White-Tailed Lapwing
8%
Willet
8%
Yellow-Bellied Sapsucker
8%
Yellow-Billed Cuckoo
8%
African Crake
4%
African Spoonbill
4%
Allen's Gallinule
4%
American Purple Gallinule
4%
Amur Falcon
4%
Barbary Falcon
4%
Barolo Shearwater
4%
Bolle's Pigeon
4%
Bridled Tern
4%
Bulwer's Petrel
4%
Cape Teal
4%
Caspian Plover
4%
Chestnut-Bellied Sandgrouse
4%
Crab Plover
4%
Cream-Coloured Courser
4%
Crowned Sandgrouse
4%
Dark-Chanting Goshawk
4%
Double-Spurred Francolin
4%
Egyptian Plover
4%
Elegant Tern
4%
Hudsonian Godwit
4%
Laurel Pigeon
4%
Lesser Sand Plover
4%
Lichtenstein's Sandgrouse
4%
Little Swift
4%
Long-Billed Dowitcher
4%
Macqueen's Bustard
4%
Namaqua Dove
4%
Nubian Nightjar
4%
Pallid Scops Owl
4%
Pin-Tailed Sandgrouse
4%
Pin-Tailed Snipe
4%
Plain Swift
4%
Red-Necked Stint
4%
Red-Wattled Lapwing
4%
Royal Tern
4%
Semipalmated Plover
4%
Senegal Thick-Knee
4%
Sharp-Tailed Sandpiper
4%
Short-Billed Dowitcher
4%
Solitary Sandpiper
4%
Sora
4%
South African Shelduck
4%
Spotted Sandgrouse
4%
Herons Striated Heron
4%
Swinhoe's Snipe
4%
Verreaux's Eagle
4%
Western Sandpiper
4%
White-Backed Vulture
4%
White-Rumped Swift
4%
White-Throated Kingfisher
4%
White-Throated Needletail
4%
Wilson's Snipe
4%
Zino's Petrel
4%
Arabian Bustard
0%
Barbary Dove
0%
Bataleur
0%
Black-Bellied Storm Petrel
0%
Black-Winged Pranticole
0%
Brunnich's Guillemot
0%
Cape Verde Shearwater
0%
Collared Pranticole
0%
Egytpian Nightjar
0%
Erckel's Francolin
0%
Green-Backed Heron
0%
Grey-Headed Gull
0%
Hume's Owl
0%
Kittlitz's Plover
0%
Lappet-Faced Vulture
0%
Levaillant's Green Woodpecker
0%
Little Green Bee-Eater
0%
Long-Toed Stint
0%
Madeiran Storm Petrel
0%
Marsh Owl
0%
Oriental Pranticole
0%
Painted Snipe
0%
Pallas's Fish Eagle
0%
Pallas's Gull
0%
Pallas's Sandgrouse
0%
Saunders's Tern
0%
Semipalmated Sandpiper
0%
Senegal Coucal
0%
Slaty-Backed Gull
0%
Spur-Winged Lapwing
0%
Swinhoe's Storm Petrel
0%
Upland Sandpiper
0%
White-Faced Storm Petrel
0%
Yellow-Billed Stork
0%
Yellow-Nosed Albatross
0%
No matching quizzes found
Score Distribution
Percent of People with Each Score
Percentile by Number Answered
Your Score History
You have not taken this quiz since the last reset